000 00429nam a2200157Ia 4500
008 210716s2000 xx 000 0 und d
020 _a8174730206
041 _aeng
082 _a658.8 CANT
100 _aCannon, Tom.
245 _aBasic marketing: principles and practice.
_bPrinciples and practice.
250 _a3
260 _aNew Delhi
_bAITBS Publishers and Distributors
_c2000
300 _a463
650 _aMarketing
999 _c198007
_d198007